<?xml version="1.0" encoding="UTF-8"?>
<record
    xmlns:xsi="http://www.w3.org/2001/XMLSchema-instance"
    xsi:schemaLocation="http://www.loc.gov/MARC21/slim http://www.loc.gov/standards/marcxml/schema/MARC21slim.xsd"
    xmlns="http://www.loc.gov/MARC21/slim">

  <leader>03117cam a22003495a 4500</leader>
  <controlfield tag="001">016964296</controlfield>
  <controlfield tag="003">Uk</controlfield>
  <controlfield tag="005">20160816133528.0</controlfield>
  <controlfield tag="008">140917s2015    I  a   frb    001|0|eng|d</controlfield>
  <datafield tag="015" ind1=" " ind2=" ">
    <subfield code="a">GBB4D6812</subfield>
    <subfield code="2">bnb</subfield>
  </datafield>
  <datafield tag="016" ind1="7" ind2=" ">
    <subfield code="a">016964296</subfield>
    <subfield code="2">Uk</subfield>
  </datafield>
  <datafield tag="020" ind1=" " ind2=" ">
    <subfield code="a">9781118607626 </subfield>
  </datafield>
  <datafield tag="020" ind1=" " ind2=" ">
    <subfield code="a">1118607627</subfield>
  </datafield>
  <datafield tag="040" ind1=" " ind2=" ">
    <subfield code="a">StDuBDS</subfield>
    <subfield code="b">eng</subfield>
    <subfield code="c">StDuBDS</subfield>
    <subfield code="d">EG-ScBUE</subfield>
  </datafield>
  <datafield tag="042" ind1=" " ind2=" ">
    <subfield code="a">ukblsr</subfield>
  </datafield>
  <datafield tag="082" ind1="0" ind2="4">
    <subfield code="2">22</subfield>
    <subfield code="a">617.632</subfield>
    <subfield code="b">MIN</subfield>
  </datafield>
  <datafield tag="245" ind1="0" ind2="0">
    <subfield code="a">Minimally invasive periodontal therapy :</subfield>
    <subfield code="b">clinical techniques and visualization technology /</subfield>
    <subfield code="c">edited by Stephen K. Harrel, Thomas G. Wilson.</subfield>
  </datafield>
  <datafield tag="260" ind1=" " ind2=" ">
    <subfield code="a">Ames, Iowa :</subfield>
    <subfield code="b">Wiley-Blackwell,</subfield>
    <subfield code="c">2015.</subfield>
  </datafield>
  <datafield tag="300" ind1=" " ind2=" ">
    <subfield code="a">xi, 178 p. :</subfield>
    <subfield code="b">ill. (black and white, and colour) ;</subfield>
    <subfield code="c">25 cm.</subfield>
  </datafield>
  <datafield tag="500" ind1=" " ind2=" ">
    <subfield code="a">Index : p. 171-178.</subfield>
  </datafield>
  <datafield tag="504" ind1=" " ind2=" ">
    <subfield code="a">Includes bibliographical references.</subfield>
  </datafield>
  <datafield tag="505" ind1=" " ind2=" ">
    <subfield code="a">Overview of minimally invasive therapy / Stephen K. Harrel and Thomas G. Wilson, Jr. -- Visualization for minimally invasive periodontal therapy : an overview / Stephen K. Harrel -- Ultrasonic endoscopic periodontal debridement / John Y. Kwan and Suzanne Newkirk -- Endoscope use in daily hygiene practice / Kara Webb and Angela Anderson --
The use of the dental endoscope and videoscope for diagnosis and treatment of peri-implant diseases / Thomas G. Wilson, Jr. -- Development of minimally invasive periodontal surgical techniques / Stephen K. Harrel -- The MIS and V-MIS surgical procedure / Stephen K. Harrel -- Minimally invasive surgical technique (MIST) and modified-MIST (M-MIST) in periodontal regeneration / Dott Pierpaolo (Sandro) Cortellini -- Minimally invasive soft tissue grafting / Edward P. Allen and Lewis C. Cummings --  Future potential for minimally invasive periodontal therapy / Stephen K. Harrel and Thomas G. Wilson, Jr.</subfield>
  </datafield>
  <datafield tag="520" ind1=" " ind2=" ">
    <subfield code="a">The long-term success of periodontal therapy is dependent on proper diagnosis and removal of subgingival tooth-borne accretions in the form of calculus and bacteria. From a clinical perspective, better visualization during the diagnostic and therapeutic phases has been shown to yield better results compared to traditional approaches. Minimally Invasive Periodontal Therapy evaluates the advantages of using minimal invasive techniques, the technologies available for enhancing visualization during minimally invasive therapy, and step-by-step illustrates the clinical use of each technique. Each chapter addresses the advantages and disadvantages of minimally invasive therapies, rationale for the approach, and the advantages and limitations of each of the current methods of improving visualization. The chapters then provide an evidence-based review of the technologies and procedures, and end with case studies for each visualization procedure, featuring clinical photographs.</subfield>
  </datafield>
  <datafield tag="650" ind1=" " ind2="7">
    <subfield code="a">Periodontal disease</subfield>
    <subfield code="x">Treatment.</subfield>
    <subfield code="2">BUEsh</subfield>
    <subfield code="9">40770</subfield>
  </datafield>
  <datafield tag="650" ind1=" " ind2="7">
    <subfield code="a">Dental instruments and apparatus.</subfield>
    <subfield code="2">BUEsh</subfield>
    <subfield code="9">40769</subfield>
  </datafield>
  <datafield tag="650" ind1=" " ind2="7">
    <subfield code="a">Dentistry </subfield>
    <subfield code="x">Methods.</subfield>
    <subfield code="2">BUEsh</subfield>
    <subfield code="9">40771</subfield>
  </datafield>
  <datafield tag="651" ind1=" " ind2=" ">
    <subfield code="2">BUEsh</subfield>
  </datafield>
  <datafield tag="653" ind1=" " ind2=" ">
    <subfield code="b">DDent</subfield>
    <subfield code="c">August 2016	</subfield>
  </datafield>
  <datafield tag="700" ind1="1" ind2=" ">
    <subfield code="a">Harrel, Stephen K.&#x200F; </subfield>
    <subfield code="e">editor.</subfield>
    <subfield code="9">40772</subfield>
  </datafield>
  <datafield tag="700" ind1="1" ind2=" ">
    <subfield code="a">Wilson, Thomas G.</subfield>
    <subfield code="c">Jr.</subfield>
    <subfield code="e">editor.</subfield>
    <subfield code="9">40773</subfield>
  </datafield>
  <datafield tag="942" ind1=" " ind2=" ">
    <subfield code="2">ddc</subfield>
    <subfield code="e">22</subfield>
    <subfield code="k">617.632 MIN</subfield>
  </datafield>
  <datafield tag="999" ind1=" " ind2=" ">
    <subfield code="c">22182</subfield>
    <subfield code="d">22154</subfield>
  </datafield>
  <datafield tag="952" ind1=" " ind2=" ">
    <subfield code="0">0</subfield>
    <subfield code="1">0</subfield>
    <subfield code="2">ddc</subfield>
    <subfield code="4">0</subfield>
    <subfield code="7">0</subfield>
    <subfield code="8">Academic</subfield>
    <subfield code="a">MAIN</subfield>
    <subfield code="b">MAIN</subfield>
    <subfield code="c">1ST</subfield>
    <subfield code="d">2016-08-16</subfield>
    <subfield code="e">Purchase</subfield>
    <subfield code="g">840.00</subfield>
    <subfield code="h">9126</subfield>
    <subfield code="l">2</subfield>
    <subfield code="m">16</subfield>
    <subfield code="o">617.632 MIN</subfield>
    <subfield code="p">000033194</subfield>
    <subfield code="r">2025-07-15 00:00:00</subfield>
    <subfield code="s">2022-04-11</subfield>
    <subfield code="v">1050.00</subfield>
    <subfield code="y">BB</subfield>
  </datafield>
</record>
